| 000 | 00425nam a2200157Ia 4500 | ||
|---|---|---|---|
| 008 | 151213s9999 xx 000 0 und d | ||
| 020 | _a0-14-302791-3 | ||
| 100 | _aEdward W.Said | ||
| 245 |
_aReflection an exit and Other Literary and Culture Essays _cEdward W.Said |
||
| 260 |
_aNew Delhi _bPenguing Books _c2001 |
||
| 300 | _a7144 p. | ||
| 650 | _aEnglish | ||
| 650 | _aEnglish | ||
| 700 | _aEdward W.Said | ||
| 999 |
_c3787 _d3787 |
||